| 000 | 00669nam a2200229 a 4500 | ||
|---|---|---|---|
| 001 | 64174 | ||
| 003 | BD-RjUL | ||
| 005 | 20211209081258.0 | ||
| 008 | 170209s1985 bg b 000 0 eng | ||
| 035 | _a(BD-RjUL)64304 | ||
| 040 |
_aDLC _cDLC _dBD-RjUL _beng |
||
| 041 | _aeng | ||
| 082 | 0 | 0 |
_a341.2473 _223 _bAHS 1985 |
| 100 | 1 |
_aAhmed, Emajuddin. _9190573 |
|
| 245 | 1 | 0 |
_aSARC, seeds of harmony / _cEmajuddin Ahamed. |
| 260 |
_aDhaka : _bUniversity Press, _c1985. |
||
| 300 |
_aviii, 103 p. ; _c23 cm. |
||
| 504 | _aIncludes bibliographies. | ||
| 610 | 2 | 0 |
_aSouth Asian Regional Co-operation. _9193600 |
| 650 | 0 |
_aSouth Asian Co-operation. _9190575 |
|
| 942 |
_2ddc _cBK |
||
| 999 |
_c64174 _d64174 |
||